01153nam a2200193 450000500170000000800410001702000180005805000220007608200220009810000360012024501030015625000180025926000290027730000350030650504700034165000470081165000670085870000340092520231102152047.0180521s2014 mx a|||| |||| 00| 0 spa d a9786074406511 aKGF2000bP47 2014 a368.3bP415c 20141 aPérez Chávez, Joséeautor aCómo calcular las pensiones que otorga el IMSSc/ José Pérez Chávez, Raymundo Fol Olguín a3a. edición aMéxico b: Taxc, 2014 a271 páginasb: ilustraciones aLa seguridad social, sus objetivos, estructura, financiamiento y otorgamiento de las prestaciones Modalidades de aseguramiento. Regímenes obligatorio y voluntario Cuándo y como se adquiere el derecho a una pensión del IMSS Pensiones por riesgo de trabajoPensiones por invalidez y vida Pensiones por retiro, cesantía en edad avanzada y vejez Trámite de pensiones Otras prestaciones Pensionados que reingresan al medio laboral Contenido de casos prácticos14aPENSIONESxLEYES Y LEGISLACIÓNzMÉXICO24aINSTITUTO MEXICANO DEL SEGURO SOCIALxSUELDOS, PENSIONES, ETC.1 aFol Olguín, Raymundoeautor